000 00534nam a2200205Ia 4500
003 OSt
005 20220926045927.0
006 a|||||r|||| 00| 0
007 ta
008 220923b |||||||| |||| 00| 0 eng d
037 _cGeneral Book
040 _aRTL
_cRTL
_beng
041 _2eng
_aeng
082 _aXxN1Ok, L0.1-.2/TD3
100 _aKOOPMAN T C
_9350785
245 0 _aScientific of Tjalling. 2V.
260 _c1984
942 _hXxN1Ok, L0.1-.2/TD3
_cGB
_2CC
999 _c679073
_d679073